<?xml version="1.0" encoding="UTF-8"?>
<record
    xmlns:xsi="http://www.w3.org/2001/XMLSchema-instance"
    xsi:schemaLocation="http://www.loc.gov/MARC21/slim http://www.loc.gov/standards/marcxml/schema/MARC21slim.xsd"
    xmlns="http://www.loc.gov/MARC21/slim">

  <leader>00550nam a2200193Ia 4500</leader>
  <controlfield tag="003">IN-BaIIA</controlfield>
  <controlfield tag="008">211028s9999    xx            000 0 eng d</controlfield>
  <datafield tag="040" ind1=" " ind2=" ">
    <subfield code="c">IIA Library</subfield>
  </datafield>
  <datafield tag="080" ind1=" " ind2=" ">
    <subfield code="a">550.3(047.1)</subfield>
    <subfield code="b">ADV-13</subfield>
  </datafield>
  <datafield tag="100" ind1=" " ind2=" ">
    <subfield code="a">Landsberg, H. E.</subfield>
    <subfield code="9">3316</subfield>
  </datafield>
  <datafield tag="245" ind1=" " ind2="0">
    <subfield code="a">Advances in geophysics</subfield>
    <subfield code="b">vol. 13</subfield>
    <subfield code="c">H. E. Landsberg and Van Mieghem J.</subfield>
  </datafield>
  <datafield tag="260" ind1=" " ind2=" ">
    <subfield code="a">New York</subfield>
    <subfield code="b">Academic Press</subfield>
    <subfield code="c">1969</subfield>
  </datafield>
  <datafield tag="300" ind1=" " ind2=" ">
    <subfield code="a">x, 267p.</subfield>
  </datafield>
  <datafield tag="650" ind1=" " ind2=" ">
    <subfield code="a">Astronomy and Astrophysics Thesaurus</subfield>
  </datafield>
  <datafield tag="650" ind1=" " ind2=" ">
    <subfield code="a">Earth</subfield>
  </datafield>
  <datafield tag="650" ind1=" " ind2=" ">
    <subfield code="a">Geophysics</subfield>
    <subfield code="9">54</subfield>
  </datafield>
  <datafield tag="700" ind1=" " ind2=" ">
    <subfield code="a">Van Mieghem, J.</subfield>
    <subfield code="9">5988</subfield>
  </datafield>
  <datafield tag="942" ind1=" " ind2=" ">
    <subfield code="c">BK</subfield>
  </datafield>
  <datafield tag="999" ind1=" " ind2=" ">
    <subfield code="c">3374</subfield>
    <subfield code="d">3374</subfield>
  </datafield>
  <datafield tag="952" ind1=" " ind2=" ">
    <subfield code="0">0</subfield>
    <subfield code="1">0</subfield>
    <subfield code="4">0</subfield>
    <subfield code="7">0</subfield>
    <subfield code="a">BAN</subfield>
    <subfield code="b">KOD</subfield>
    <subfield code="c">GEN</subfield>
    <subfield code="d">1970-01-03</subfield>
    <subfield code="g">104.40</subfield>
    <subfield code="l">0</subfield>
    <subfield code="o">550.3(047.1)/ ADV-13</subfield>
    <subfield code="p">3749</subfield>
    <subfield code="r">2021-11-05</subfield>
    <subfield code="v">104.40</subfield>
    <subfield code="w">1970-01-03</subfield>
    <subfield code="y">BK</subfield>
    <subfield code="G">Rs. 104.40</subfield>
  </datafield>
</record>
